<?xml version="1.0" encoding="UTF-8"?>
<record
    xmlns:xsi="http://www.w3.org/2001/XMLSchema-instance"
    xsi:schemaLocation="http://www.loc.gov/MARC21/slim http://www.loc.gov/standards/marcxml/schema/MARC21slim.xsd"
    xmlns="http://www.loc.gov/MARC21/slim">

  <leader>03259nam a2200397 a 4500</leader>
  <controlfield tag="003">CHAP</controlfield>
  <controlfield tag="005">20241202131234.0</controlfield>
  <controlfield tag="007">ta</controlfield>
  <controlfield tag="008">241202s2008    mx adeofrm||| 001 0 spa d</controlfield>
  <datafield tag="040" ind1=" " ind2=" ">
    <subfield code="a">mxchpua</subfield>
    <subfield code="c">CHAP</subfield>
  </datafield>
  <datafield tag="041" ind1="0" ind2=" ">
    <subfield code="a">spa</subfield>
    <subfield code="b">eng</subfield>
  </datafield>
  <datafield tag="090" ind1=" " ind2=" ">
    <subfield code="a">Tesis P33 2008</subfield>
  </datafield>
  <datafield tag="100" ind1="1" ind2=" ">
    <subfield code="a">Pachuca Gonz&#xE1;lez, Luis &#xC1;ngel</subfield>
  </datafield>
  <datafield tag="240" ind1="1" ind2=" ">
    <subfield code="a">Clarification of polyphenolic extracts from avocado seed (Persea America Mill) by glucosid enzymes.</subfield>
    <subfield code="l">Espa&#xF1;ol</subfield>
  </datafield>
  <datafield tag="245" ind1="1" ind2=" ">
    <subfield code="a">Clarificacion de extractos polifenolicos de semilla de aguacate (Persea americana Mill) asistida por enzimas glucosidicas. /</subfield>
    <subfield code="c">Luis &#xC1;ngel Pachuca Gonz&#xE1;lez</subfield>
  </datafield>
  <datafield tag="264" ind1=" " ind2=" ">
    <subfield code="a">Chapingo, M&#xE9;xico :</subfield>
    <subfield code="b">El autor,</subfield>
    <subfield code="c">2008</subfield>
  </datafield>
  <datafield tag="300" ind1=" " ind2=" ">
    <subfield code="a">xii, 93 hojas :</subfield>
    <subfield code="b">ilustraciones, tablas, gr&#xE1;ficas, planos, fotograf&#xED;as +</subfield>
  </datafield>
  <datafield tag="336" ind1=" " ind2=" ">
    <subfield code="2">rdacontent</subfield>
    <subfield code="a">texto</subfield>
    <subfield code="b">txt</subfield>
  </datafield>
  <datafield tag="337" ind1=" " ind2=" ">
    <subfield code="2">rdamedia</subfield>
    <subfield code="a">sin medio</subfield>
    <subfield code="b">n</subfield>
  </datafield>
  <datafield tag="338" ind1=" " ind2=" ">
    <subfield code="2">rdacarrier</subfield>
    <subfield code="a">volumen</subfield>
    <subfield code="b">nc</subfield>
  </datafield>
  <datafield tag="502" ind1=" " ind2=" ">
    <subfield code="a">Tesis</subfield>
    <subfield code="b">(Ingeniero Agroindustrial) --</subfield>
    <subfield code="c">UACh. Departamento de Ingenier&#xED;a Agroindustrial,</subfield>
    <subfield code="d">2008</subfield>
  </datafield>
  <datafield tag="504" ind1=" " ind2=" ">
    <subfield code="a">Bibliograf&#xED;a : hojas 81-84</subfield>
  </datafield>
  <datafield tag="505" ind1="0" ind2="0">
    <subfield code="a">1 plano :--
1. Diagrama de flujo de proceso de extracci&#xF3;n de compuestos polifenolicos  de semilla de aguacate</subfield>
  </datafield>
  <datafield tag="520" ind1="3" ind2=" ">
    <subfield code="a">En el presente trabajo se emplearon diferentes enzimas comerciales Rapidase&#xAE; UF, Rapidase&#xAE; TF (Duke Thomson internacional), Rapidase&#xAE; Adex (DSM Food Specialties), Viscozyme&#xAE; (Novozymes), texamill&#xAE; (Enmex) y Cellubrix&#xAE; (Novozymes) para clarificar extractos polifenolicos acuosos de semilla de aguacate. Se evalu&#xF3; la claridad, turbidez, fenoles totales, actividad antioxidante, az&#xFA;cares reductores y filtrabilidad de los extractos despu&#xE9;s del tratamiento enzim&#xE1;tico y se eligi&#xF3; el coctel enzim&#xE1;tico Rapidase&#xAE; TF ya que mostr&#xF3; ser mejor coctel de los analizados. Se optimiz&#xF3; el uso de Rapidase&#xAE; TF para clarificar mediante la metodolog&#xED;a de superficie de respuesta, las condiciones optimas encontradas son: temperatura = 30 &#xBA;C, concentraci&#xF3;n del coctel enzim&#xE1;tico = 1.68 %, tiempo de hidr&#xF3;lisis = 3 h 59 min.</subfield>
  </datafield>
  <datafield tag="520" ind1="3" ind2=" ">
    <subfield code="a">In the present work different commercial enzymes Rapidase&#xAE; UF, Rapidase&#xAE; TF (Duke Thomson internacional), Rapidase&#xAE; Adex (DSM Food Specialties), Viscozyme&#xAE; (Novozymes), Texamil&#xAE; (Enmex) and Cellubrix&#xAE; were employed to clarify water extracted polyphenolics from avocado seeds. Clarity, turbidity, total phenolics, antioxidant activity, reducing sugars and filterability of all extracts after treatment were evaluated and Rapidase&#xAE; TF was selected because it showed better characteristics among the other enzymatic cocktails analyzed. The use of Rapidase&#xAE; TF for the clarification was optimized by a response surface methodology, the optimal conditions found were: temperature = 30&#xB0;C, enzyme concentration = 1.68 %, time of hydrolysis = 3 h 59 min.</subfield>
  </datafield>
  <datafield tag="650" ind1="1" ind2="3">
    <subfield code="a">Aguacate</subfield>
    <subfield code="2">atg</subfield>
    <subfield code="x">Semillas</subfield>
  </datafield>
  <datafield tag="650" ind1="1" ind2="3">
    <subfield code="a">Polifenoles</subfield>
    <subfield code="2">atg</subfield>
    <subfield code="x">Extractos</subfield>
  </datafield>
  <datafield tag="650" ind1="1" ind2="3">
    <subfield code="a">Avocados  </subfield>
    <subfield code="2">atg</subfield>
    <subfield code="x">Seeds</subfield>
  </datafield>
  <datafield tag="650" ind1="1" ind2="3">
    <subfield code="a">Polyphenols</subfield>
    <subfield code="2">atg</subfield>
    <subfield code="x">Extracts</subfield>
  </datafield>
  <datafield tag="700" ind1="1" ind2=" ">
    <subfield code="a">Villanueva Rodr&#xED;guez, Socorro, J</subfield>
    <subfield code="e">directora</subfield>
  </datafield>
  <datafield tag="700" ind1="1" ind2=" ">
    <subfield code="a">Santos Moreno, Armando</subfield>
    <subfield code="e">asesor</subfield>
  </datafield>
  <datafield tag="700" ind1="1" ind2=" ">
    <subfield code="a">Garc&#xED;a Mateos, Mar&#xED;a del Rosario</subfield>
    <subfield code="e">asesora</subfield>
  </datafield>
  <datafield tag="856" ind1="4" ind2="1">
    <subfield code="u">http://10.13.5.2/tesis/107296.pdf</subfield>
    <subfield code="y">DESCARGAR PDF</subfield>
  </datafield>
  <datafield tag="901" ind1=" " ind2=" ">
    <subfield code="a">Tesis P33 2008</subfield>
  </datafield>
  <datafield tag="942" ind1=" " ind2=" ">
    <subfield code="2">Clasificaci&#xF3;n Universidad Aut&#xF3;noma Chapingo</subfield>
    <subfield code="c">Tesis</subfield>
  </datafield>
  <datafield tag="999" ind1=" " ind2=" ">
    <subfield code="c">220285</subfield>
    <subfield code="d">220285</subfield>
  </datafield>
  <datafield tag="952" ind1=" " ind2=" ">
    <subfield code="0">0</subfield>
    <subfield code="1">0</subfield>
    <subfield code="2">local</subfield>
    <subfield code="4">0</subfield>
    <subfield code="5">1</subfield>
    <subfield code="7">0</subfield>
    <subfield code="8">TESIS</subfield>
    <subfield code="a">IA_</subfield>
    <subfield code="b">IA_</subfield>
    <subfield code="d">2024-12-02</subfield>
    <subfield code="e">El autor</subfield>
    <subfield code="l">0</subfield>
    <subfield code="o">Tesis P33 2008</subfield>
    <subfield code="p">1101015069</subfield>
    <subfield code="r">2026-02-02 00:00:00</subfield>
    <subfield code="t">Ej.1</subfield>
    <subfield code="w">2024-12-02</subfield>
    <subfield code="y">TESIS</subfield>
  </datafield>
  <datafield tag="952" ind1=" " ind2=" ">
    <subfield code="0">0</subfield>
    <subfield code="1">0</subfield>
    <subfield code="2">local</subfield>
    <subfield code="4">0</subfield>
    <subfield code="5">5</subfield>
    <subfield code="7">0</subfield>
    <subfield code="8">TESIS</subfield>
    <subfield code="a">IA_</subfield>
    <subfield code="b">IA_</subfield>
    <subfield code="d">2024-12-02</subfield>
    <subfield code="e">El autor</subfield>
    <subfield code="l">1</subfield>
    <subfield code="o">Tesis P33 2008</subfield>
    <subfield code="p">1101015070</subfield>
    <subfield code="r">2026-02-02 00:00:00</subfield>
    <subfield code="s">2024-12-04</subfield>
    <subfield code="t">Ej.2</subfield>
    <subfield code="w">2024-12-02</subfield>
    <subfield code="y">TESIS</subfield>
  </datafield>
  <datafield tag="952" ind1=" " ind2=" ">
    <subfield code="0">0</subfield>
    <subfield code="1">0</subfield>
    <subfield code="2">local</subfield>
    <subfield code="4">0</subfield>
    <subfield code="7">0</subfield>
    <subfield code="8">TesDigL</subfield>
    <subfield code="a">IA_</subfield>
    <subfield code="b">IA_</subfield>
    <subfield code="c">E_L</subfield>
    <subfield code="d">2024-12-02</subfield>
    <subfield code="e">El autor</subfield>
    <subfield code="l">0</subfield>
    <subfield code="p">1201015069</subfield>
    <subfield code="r">2024-12-02 13:17:00</subfield>
    <subfield code="w">2024-12-02</subfield>
    <subfield code="y">TD</subfield>
  </datafield>
</record>
